| 000 | 00775nam a2200253 i 4500 | ||
|---|---|---|---|
| 001 | bg | ||
| 100 | 1 | _aSKRZYSZOWSKI, Zbigniew | |
| 245 | 1 | 0 |
_aReduktor stożkowo-walcowy : _bPKM - projektowanie : pomoc dydaktyczna / _cZbigniew Skrzyszowski ; Politechnika Krakowska im. Tadeusza Kościuszki. |
| 250 | _aWyd. 3. | ||
| 260 |
_aKraków : _bPK, _c2005. |
||
| 300 |
_a118 s. : _bil. ; _c24 cm. |
||
| 504 | _aBibliogr. | ||
| 650 | 9 |
_aPrzekładnie _xprojekty |
|
| 655 | _aPodręczniki akademickie | ||
| 710 | 0 | _aPolitechnika Krakowska im. Tadeusza Kościuszki | |
| 015 | _aPB 6048/2002 | ||
| 020 | _a8372423520 | ||
| 040 | _cBPK | ||
| 041 | 0 | _apol | |
| 080 | _a621.82/.85(075.8) | ||
| 920 | _a83-7242-352-0 | ||
| 942 | _cKS | ||
| 008 | s pl f |000 0 pol | ||
| 999 |
_c46338 _d46338 |
||
| 856 |
_uhttp://koha.tu.koszalin.pl/cgi-bin/koha/opac-detail.pl?biblionumber=46338 _yKatalog online BPK |
||